000 00473nab a2200145Ia 4500
003 ES-SlBCS
005 20210601125300.0
008 140529s1996 xxu||||| |||| 00| 0 eng d
041 _aeng
100 1 _aHill, Christopher S.
_9155105
245 0 0 _aProcess Reliabilism and Cartesian Escepticism
_c Christopher S. Hill
650 0 4 _aEscepticismo Cartesiano
_9132799
773 0 _tPhilosophy and Phenomenological Research
_gvol. 56, 1996, págs. 567-582
_wRev1411
942 _cAR
999 _c527799
_d527799